| 000 | 01238cam a2200385 a 4500 | ||
|---|---|---|---|
| 001 | 22439 | ||
| 003 | SK-KTurca | ||
| 005 | 20260328115832.0 | ||
| 008 | 240702s1997 xo gr 000 f slo | ||
| 015 | _aSNBA1997/1002834 | ||
| 020 | _a8071182966 | ||
| 035 | _aSNK000241046 | ||
| 035 | _aurn:nbn:sk:snk-amkgdt | ||
| 035 | _aurn:nbn:sk:snk-am008fvd | ||
| 035 | _a84BA46E6-2D29-479E-8CD7-32F3AB743158 | ||
| 040 |
_aSNK _bslo _cSNK _eAACR2 |
||
| 041 | 1 |
_aslo _heng |
|
| 044 |
_axo _cSK |
||
| 072 | 7 |
_a821.111(73)-3 _xAmerická próza _2konspekt |
|
| 080 |
_a820 (73)-3 _21981 |
||
| 080 |
_a821.111(73)-31 _22011 |
||
| 100 | 1 |
_aIsaacs, Susan, _d1943- _4aut |
|
| 240 | 1 | 0 |
_aAfter all these years _lSlovensky |
| 245 | 1 | 0 |
_aPo toľkých rokoch _cSusan Isaacsová ; [z anglického originálu preložila Alena Redlingerová] |
| 260 |
_aBratislava _bIkar _c1997 |
||
| 300 |
_a314 s. _c21 cm |
||
| 500 | _aÚdaj o prekl. prevzatý z rubu tit. strany | ||
| 655 | 7 |
_aamerické romány _2SNKPH |
|
| 655 | 7 |
_aspoločenské romány _2SNKPH |
|
| 700 | 1 |
_aRedlingerová, Alena, _d1946- _4trl |
|
| 911 |
_aKN 1997/10 _b02834 |
||
| 942 |
_2ddc _cKLDO _n0 |
||
| 999 |
_c22439 _d22439 |
||